Manual para leer y escribir poesía

সংরক্ষণ করুন:
গ্রন্থ-পঞ্জীর বিবরন
প্রধান লেখক: Ulloa S, Osvaldo (Author)
বিন্যাস: গ্রন্থ
ভাষা:স্প্যানিশ
প্রকাশিত: Santiago La Cáfila 2002
বিষয়গুলি:
ট্যাগগুলো: ট্যাগ যুক্ত করুন
কোনো ট্যাগ নেই, প্রথমজন হিসাবে ট্যাগ করুন!

MARC

LEADER 00000nam a2200000 a 4500
001 UCH3930
003 CL-VaPUC
008 090818e20020000cl |||||||||||||||||spa|d
082 0 4 |a 372.623  |b ULL  |2 21 
100 0 |a Ulloa S, Osvaldo  |e author  |9 539413 
245 1 0 |a Manual para leer y escribir poesía 
300 |a 120 p 
942 |c BK 
945 |d 20090818 00:00:00  |a ccalabra 
260 |a Santiago  |b La Cáfila  |c 2002 
650 0 |a Educación  |9 258661 
650 0 |a Literatura  |9 259151 
650 0 |a Metodologías educativas   |9 311401 
650 7 |a COMPOSICION  |2 CL-VaPUC  |9 262958 
583 |a last modification  |c 20171116 06:43:07  |k Rodrigo Vera 
999 |c 335334  |d 335332